000 00615nam a2200205 u 4500
005 20230623063559.0
008 090330s2005 ec r 000 0 spa d
020 _a9978490051
035 _aUPN01000170156
049 _aI
050 4 _aPZ74.7
_bR4.7
100 1 _aRendón Ortiz, Gilberto,
_d1946-
_927929
245 1 3 _aEl teatro miniatura del flautista barrigón /
_cGilberto Rendón Ortiz.
260 _aQuito :
_bLibresa,
_c2005.
300 _a136 p. :
_bil.
440 0 _aMitad del mundo ;
_v50
650 4 _aCuentos infantiles mexicanos
_97723
650 4 _aCUENTOS HUMORISTICOS
_911283
905 _aInfantil
999 _c142262
_d142262